| 000 | 00533cam a2200157 i 4500 | ||
|---|---|---|---|
| 999 |
_c4716 _d4716 |
||
| 008 | 200908s2022 nyua j 000 0 eng | ||
| 010 | _a 2020040856 | ||
| 020 | _a9780316459419 | ||
| 050 | 0 | 0 |
_aTD170.15 _b.B56 2022 |
| 082 | 0 | 0 |
_a363.7 BLO _223 |
| 100 | 1 |
_aBloom, Molly, _d1983- _eauthor. |
|
| 245 | 1 | 0 |
_aBrains on! presents...Earth friend forever / _cMolly Bloom, Marc Sanchez, and Sanden Totten ; illustrated by Mike Orodán. |
| 250 | _aFirst edition. | ||
| 300 |
_a1 volume (unpaged) : _bcolor illustrations ; _c26 cm |
||
| 942 | _2ddc | ||